Esmeraldo De Situ Orbis (Record no. 340812)

MARC details
000 -LEADER
fixed length control field 004440000a22001930004500
005 - DATE AND TIME OF LATEST TRANSACTION
control field 20120302052705.0
040 ## - CATALOGING SOURCE
Original cataloging agency ENG
100 ## - MAIN ENTRY--PERSONAL NAME
Personal name Pereira, Duarte Pancheco
245 ## - TITLE STATEMENT
Title Esmeraldo De Situ Orbis
260 ## - PUBLICATION, DISTRIBUTION, ETC. (IMPRINT)
Place of publication, distribution, etc London:
Name of publisher, distributor, etc Hakluyt,
Date of publication, distribution, etc 1937
300 ## - PHYSICAL DESCRIPTION
Extent xxxv,191p
365 ## - TRADE PRICE
Price amount Rs.
490 ## - SERIES STATEMENT
Series statement Second Series
650 ## - SUBJECT ADDED ENTRY--TOPICAL TERM
Topical term or geographic name as entry element Esmeraldo
650 ## - SUBJECT ADDED ENTRY--TOPICAL TERM
Topical term or geographic name as entry element Prorinces-Africa
650 ## - SUBJECT ADDED ENTRY--TOPICAL TERM
Topical term or geographic name as entry element Ancient-Cosmography
650 ## - SUBJECT ADDED ENTRY--TOPICAL TERM
Topical term or geographic name as entry element Branco
942 ## - ADDED ENTRY ELEMENTS (KOHA)
Koha item type Book
Holdings
Withdrawn status Lost status Damaged status Not for loan Home library Current library Date acquired Total Checkouts Barcode Date last seen Price effective from
        Institute For Oriental Study, Thane Institute For Oriental Study, Thane 12/02/2009   IOS-7550 12/02/2009 12/02/2009